Administración (Registro nro. 3624)
[ vista simple ]
| 000 -CABECERA | |
|---|---|
| Longitud fija campo de control | 01009pam a2200277 a 4500 |
| 001 - NÚMERO DE CONTROL | |
| Número de control | 2487905 |
| 003 - IDENTIFICADOR DELl NÚMERO DE CONTROL | |
| Identificador del número de control | OSt |
| 005 - FECHA Y HORA DE LA ÚLTIMA TRANSACCIÓN | |
| Fecha y hora de la última transacción | 20150810180006.0 |
| 008 - CÓDIGOS DE INFORMACIÓN DE LONGITUD FIJA | |
| Códigos de información de longitud fija | 910807s1994 mex spa |
| 020 ## - NÚMERO INTERNACIONAL NORMALIZADO PARA LIBROS | |
| Número Internacional Normalizado para Libros (ISBN) | 968-880-351-0 |
| 040 ## - FUENTE DE LA CATALOGACIÓN | |
| Centro catalogador de origen | DLC |
| Centro transcriptor | BMC |
| Centro modificado | DLC |
| 082 ## - NÚMERO DE LA CLASIFICACIÓN DECIMAL DEWEY | |
| Númeroo de clasificación | 658.04 |
| 100 1# - PUNTO DE ACCESO PRINCIPAL-NOMBRE DE PERSONA | |
| 9 (RLIN) | 8358 |
| Nombre de persona | Stoner, James Arthur Finch |
| 245 10 - MENCIÓN DE TÍTULO | |
| Título | Administración |
| Mención de responsabilidad, etc. | James A. F. Stoner, R. Edward Freeman ; traducción, Arturo Córdova Just ; revisión técnica, Héctor A. Sánchez Rüed, Alejandro Roberto Rodas Carpizo |
| 250 ## - MENCIÓN DE EDICIÓN | |
| Mención de edición | 5ª ed |
| 260 ## - PUBLICACIÓN, DISTRIBUCIÓN, ETC. (PIE DE IMPRENTA) | |
| Lugar de publicación, distribución, etc. | Naucalpan de Juárez (México) [etc.] |
| Nombre del editor, distribuidor, etc. | Prentice-Hall Hispanoamericana |
| Fecha de publicación, distribución, etc. | cop. 1994 |
| 300 ## - DESCRIPCIÓN FÍSICA | |
| Extensión | XXV, 781 p. |
| Otras características físicas | il. |
| Dimensiones | 27 cm |
| 500 ## - NOTA GENERAL | |
| Nota general | Índices p. 757-781 |
| 594 ## - NOTA AL TÍTULO Y MENCIÓN DE RESPONSABIBLIDAD | |
| Nota Al Título Y Mención De Responsabilidad | Traducido de la 5ª ed. en inglés de: Management |
| 650 24 - PUNTO DE ACCESO ADICIONAL DE MATERIA - TÉRMINO DE MATERIA | |
| 9 (RLIN) | 3341 |
| Término de materia o nombre geográfico como elemento inicial | Gestión de empresas |
| 700 1# - PUNTO DE ACCESO ADICIONAL - NOMBRE DE PERSONA | |
| Nombre de persona | Freeman, R. Edward |
| 9 (RLIN) | 8359 |
| 700 1# - PUNTO DE ACCESO ADICIONAL - NOMBRE DE PERSONA | |
| Nombre de persona | Sánchez Rüed, Héctor A. |
| 9 (RLIN) | 8361 |
| 700 1# - PUNTO DE ACCESO ADICIONAL - NOMBRE DE PERSONA | |
| 9 (RLIN) | 8360 |
| Nombre de persona | Córdova Just, Arturo |
| 700 1# - PUNTO DE ACCESO ADICIONAL - NOMBRE DE PERSONA | |
| 9 (RLIN) | 5568 |
| Nombre de persona | Rodas Carpizo, Alejandro Roberto |
| 942 ## - ENTRADA DE ELEMENTOS AGREGADOS (KOHA) | |
| Fuente de clasificaión o esquema | Dewey Decimal Classification |
| Koha [por defecto] tipo de item | 1- Monografias |
| Suprimido | Perdido | Fuente de clasificación o esquema | Estropeado | Restricciones de uso | No para préstamo | Código de colección | Localización permanente | Localización actual | Localización en estanter&íacute;as | Fecha adquisición | Fuente de adquisición | Número de inventario | Préstamos totales | Signatura completa | Código de barras | Fecha última consulta | Fecha último préstamo | Coste, precio reemplazado | Fecha del precio de reemplazo | Tipo de item de Koha | Renovaciones totales |
|---|---|---|---|---|---|---|---|---|---|---|---|---|---|---|---|---|---|---|---|---|---|
| NULL | NULL | Dewey Decimal Classification | NULL | Prestable | NULL | NULL | Biblioteca Miguel de Cervantes - UNICAES | Biblioteca Miguel de Cervantes - UNICAES | Sala Principal | 10/02/1995 | Donación - UNICO | 005907 | 3 | 658.04 STO adm | 1005907 | 18/04/2017 | 07/04/2017 | 29.04 | 31/10/2013 | 1- Monografias | |
| NULL | NULL | Dewey Decimal Classification | NULL | Prestable | NULL | NULL | Biblioteca Miguel de Cervantes - UNICAES | Biblioteca Miguel de Cervantes - UNICAES | Sala Principal | 10/02/1995 | Donación - UNICO | 005908 | 4 | 658.04 STO adm | 1005908 | 23/04/2016 | 21/04/2016 | 29.04 | 31/10/2013 | 1- Monografias | 1 |